000 00490cam a2200181 4500
001 J100513
008 000000n1999 000 0 eng u
035 _a(Sirsi) u100513
041 _aENG
050 _a332.6324
110 _aClifford Chance
_92015
245 _aCommercial property joint ventures.
260 _aLondon
_bClifford Chance
_c1999
300 _a24p. ; 30cm.
650 _aPROPERTY-COMMERCIAL PROPERTY
690 _aPROPERTY-PROPERTY FINANCE AND INVESTMENT
942 _n0
999 _c99711
_d99711